• 首页
  • 本馆介绍
  • 公告通知
  • 最新文献
  • 馆藏检索
  • 电子资源
  • 读者导购
  • 参考咨询
  • 我的图书馆
  • 登录
  • 详细信息显示
  • 放入我的书架
  • 预约/预借图书
  • 作者相关作品
  • 分类相关作品
  • 丛书相关作品
  • 出版社相关作品

书目信息

  • 表格格式
  • 工作单格式
  • 卡片格式
题名:
中国动物志
    
 
作者: ;徐凤山 , 张均龙 著 ;中科院 主编
分册: 第五十七卷   无脊椎动物
出版信息: 北京   科学出版社  2018.01
页数: 236页
开本: 26cm
丛书名:
单 册:
中图分类: Q958.52 , Q958.2
科图分类:
主题词: 动物志--中国 , 无脊椎动物门--动物志--中国 , 软体动物--动物志--中国 , 瓣鳃纲--动物志--中国
电子资源:
ISBN: 978-7-03-054958-7
000 01582nam0 2200313 450
001 3871
005 20181009095940.87
010    @a978-7-03-054958-7@b精装@dCNY168.00
100    @a20180513d2018 emky0chiy50 ea
101 0  @achi@elat
102    @aCN@b110000
105    @aaf z 001yy
200 1  @a中国动物志@9zhong guo dong wu zhi@i无脊椎动物@h第五十七卷@i软体动物门@i双壳纲@i樱蛤科 双带蛤科@dFauna sinica@iInvertebrata@hVol. 57@iMollusca@iBivalvia@iTellinidae Semelidae@f中国科学院中国动物志编辑委员会主编@g徐凤山,张均龙著@zeng
210    @a北京@c科学出版社@d2018.01
215    @a236页@c图@d26cm
300    @a国家自然科学基金重大项目 中国科学院知识创新工程重大项目 国家自然科学基金委员会、中国科学院、科学技术部资助
330    @a本卷动物志记述了软体动物门双壳纲樱蛤科44属95种,双带蛤科8属22种。双壳类软体动物大多数是悬浮食性者,而这2科的成员主要是碎食性者,它们以入水管吸取底表的有机碎屑、微型和微微型的单细胞底栖藻类,是海洋食物链(网)中的一个重要环节。本卷内容包括了一些常规内容的说明和描述,还特别对其摄食习性、消化系统、生态特点、同渔业资源的关系等进行了说明。
510 1  @aFauna sinica@iInvertebrata@hVol. 57@iMollusca@iBivalvia@iTellinidae Semelidae@zeng
606 0  @a动物志@y中国
606 0  @a无脊椎动物门@x动物志@y中国
606 0  @a软体动物@x动物志@y中国
606 0  @a瓣鳃纲@x动物志@y中国
690    @aQ958.52@v5
690    @aQ958.2@v4
702  0 @a徐凤山@9xu feng shan@4著
702  0 @a张均龙@9zhang jun long@4著
711 02 @a中科院@9zhong ke yuan@b中国动物志编委会@4主编
801  0 @aCN@b91MARC@c20180513
905    @aMuseLib@dQ958.2@e11:12(57)
    
    中国动物志.无脊椎动物.第五十七卷.软体动物门.双壳纲.樱蛤科 双带蛤科=Fauna sinica.Invertebrata.Vol. 57.Mollusca.Bivalvia.Tellinidae Semelidae/中国科学院中国动物志编辑委员会主编/徐凤山,张均龙著.-北京:科学出版社,2018.01
    236页:图;26cm
    国家自然科学基金重大项目 中国科学院知识创新工程重大项目 国家自然科学基金委员会、中国科学院、科学技术部资助
    
    ISBN 978-7-03-054958-7(精装):CNY168.00
    本卷动物志记述了软体动物门双壳纲樱蛤科44属95种,双带蛤科8属22种。双壳类软体动物大多数是悬浮食性者,而这2科的成员主要是碎食性者,它们以入水管吸取底表的有机碎屑、微型和微微型的单细胞底栖藻类,是海洋食物链(网)中的一个重要环节。本卷内容包括了一些常规内容的说明和描述,还特别对其摄食习性、消化系统、生态特点、同渔业资源的关系等进行了说明。
●
相关链接 在E读中查询图书 在五车中查询图书 在当当中查询图书 在豆瓣中查询图书


正题名:中国动物志     索取号:Q958.2/11:12(57)         预约/预借

序号 登录号 条形码 馆藏地/架位号 状态 备注
1 1123991   211239916   第二样本阅览室/ [索取号:Q958.2/11:12(57)] 在馆    
2 1123992   211239925   第三借阅区/ [索取号:Q958.2/11:12(57)] 在馆    
唐山师范学院图书馆 欢迎您!
大连网信软件有限公司© 版权所有